The Oxford handbook of critical management studies / (Record no. 18941)

MARC details
000 -LEADER
fixed length control field 01074nam a22003138a 4500
001 - CONTROL NUMBER
control field 015629192
003 - CONTROL NUMBER IDENTIFIER
control field OSt
005 - DATE AND TIME OF LATEST TRANSACTION
control field 20150126123331.0
008 - FIXED-LENGTH DATA ELEMENTS--GENERAL INFORMATION
fixed length control field 100810r20132009xxk fr2b f001 0 eng d
020 ## - INTERNATIONAL STANDARD BOOK NUMBER
International Standard Book Number 9780199595686 (pbk.)
020 ## - INTERNATIONAL STANDARD BOOK NUMBER
International Standard Book Number 0199595682 (pbk.)
040 ## - CATALOGING SOURCE
Original cataloging agency StDuBDS
Language of cataloging eng
Transcribing agency StDuBDS
Modifying agency EG-ScBUE
082 00 - DEWEY DECIMAL CLASSIFICATION NUMBER
Classification number 658.001
Edition number 22
Item number OXF
245 04 - TITLE STATEMENT
Title The Oxford handbook of critical management studies /
Statement of responsibility, etc edited by Mats Alvesson, Todd Bridgman and Hugh Willmott.
250 ## - EDITION STATEMENT
Edition statement 1st ed.,
Remainder of edition statement reprinted.
260 ## - PUBLICATION, DISTRIBUTION, ETC. (IMPRINT)
Place of publication, distribution, etc Oxford, United Kingdom :
Name of publisher, distributor, etc Oxford University Press,
Date of publication, distribution, etc 2013.
300 ## - PHYSICAL DESCRIPTION
Extent xxi, 582 p. ;
Dimensions 25 cm.
500 ## - GENERAL NOTE
General note Index : p. 563-582.
500 ## - GENERAL NOTE
General note Reprint of the 2009 ed.
504 ## - BIBLIOGRAPHY, ETC. NOTE
Bibliography, etc Includes bibliographical references.
650 #0 - SUBJECT ADDED ENTRY--TOPICAL TERM
Topical term or geographic name as entry element Management
General subdivision Philosophy
9 (RLIN) 35092
650 #0 - SUBJECT ADDED ENTRY--TOPICAL TERM
Topical term or geographic name as entry element Critical theory
9 (RLIN) 11860
653 ## - INDEX TERM--UNCONTROLLED
Resource For college BAEPS, Business Administration
Arrived date list January2015
655 ## - INDEX TERM--GENRE/FORM
Form subdivision
-- 34232
700 1# - ADDED ENTRY--PERSONAL NAME
Personal name Alvesson, Mats,
Dates associated with a name 1956-
9 (RLIN) 37341
Relator term editor.
700 1# - ADDED ENTRY--PERSONAL NAME
Personal name Bridgman, Todd.
9 (RLIN) 37342
Relator term editor.
700 1# - ADDED ENTRY--PERSONAL NAME
Personal name Willmott, Hugh
9 (RLIN) 37343
Relator term editor.
942 ## - ADDED ENTRY ELEMENTS (KOHA)
Source of classification or shelving scheme Dewey Decimal Classification
Call number prefix 658.001 OXF
Holdings
Withdrawn status Item status Source of classification or shelving scheme Damaged status Not for loan Vendor Home library Current library Shelving location Date acquired Source of acquisition Cost, normal purchase price Serial Enumeration / chronology Total Checkouts Full call number Barcode Date last seen Cost, replacement price Koha item type
    Dewey Decimal Classification     Baccah Central Library Central Library First floor 26/01/2015   365.00 21291   658.001 OXF 000037365 15/07/2025 456.00 Book - Borrowing